La poesía mítica de Federico García Lorca

Uloženo v:
Podrobná bibliografie
Hlavní autor: Correa, Gustavo
Médium: Kniha
Jazyk:Undetermined
Vydáno: Madrid, España Gredos 1970
Témata:
Tagy: Přidat tag
Žádné tagy, Buďte první, kdo vytvoří štítek k tomuto záznamu!

MARC

LEADER 00000nam a2200000Ia 4500
008 170316s9999 xx 000 0 und d
040 |a cru BVZT 
090 |a 862 C-46p 
100 |a Correa, Gustavo 
245 |a La poesía mítica de Federico García Lorca 
260 |a Madrid, España 
260 |b Gredos 
260 |c 1970 
300 |a 250 páginas 
650 |a LITERATURA ESPAÑOLA 
999 |c 9760  |d 9760 
942 |c 15 D  |h 862 C-46p  |2 z